Регионална библиотека "Любен Каравелов" - Русе

Ловци на микроби (Запис номер 35104)

MARC детайли
000 -Лидер
Контролно поле с фиксирана дължина 01887nam a2200349 c 4500
003 - Код на организацията, давaща контролен номер
Контролно поле BLK
005 - Дата и час на последна редакция
Контролно поле 20230411101016.0
008 - Елементи от данни с фиксирана дължина
fixed length control field 180408b bul|||||r ||||||| ||bul||
010 ## - Наследен системен номер
LC control number KNG00037821000
040 ## - Източник на каталожния запис
Идентификатор на билиотеката - собственик на записа BLK
041 ## - Код за език
Код за езика на текст/звукозапис или на отделно заглавие Български
Код за езика КДБФ Български
080 ## - УДК
Текстов определител УДК Микробиология. Вж и 663
УДК код - определител по УДК 579
УДК определител (092)
УДК - код + определител 579(092)
080 ## - УДК
Текстов определител УДК Медицинска микробиология. Подразделя се с отношение (Табл. Іb) към съответните деления на 61
УДК код - определител по УДК 579.61
УДК - код + определител 579.61
080 ## - УДК
Текстов определител УДК Биографии
УДК код - определител по УДК 929
УДК - код + определител 929
100 1# - Редна дума - Автор
Автор Крайф, Пол де
Авторска отговорност първи автор
R(LIN) 83801
139 ## - Редно поле
Редна дума Крайф, Пол де
Авторски знак Крав - К 88
245 10 - Сведения за заглавието
Заглавие Ловци на микроби
Подзаглавни данни Биогр. очерци
Редно поле (дума) Пол де Крайф; прев. от англ. и предг. Светозар Златаров.
250 ## - Област на изданието
Сведения за изданието 2. изд.
257 ## - Страна на издаване
Страна на създаване/издаване Великобритания
260 ## - Област на издателските данни
Име на издателя, разпространителя и проч. Нар. младеж
Година на издаване 1982
Печатница В. Търново : Д. Найденов
Място на издаване, разпространение и проч. София
300 ## - Физическа характеристика
Страници 335 с.
Размери/Мащаб 20 см
380 ## - Жанр
Жанр Естествени науки. Математика
490 ## - СЕРИИ (Колекции)
Име на серия Поредица Портрети
9 (RLIN) 204804
500 ## - Общи забележки
Забележка Ориг. загл. Mikrobe hunters. - 1. изд. 1967 в Библ. Парабола. Кн. за велики образи и идеи в науката. Кн. 2. - Съдържа материали за А. Льовенхук, Л. Спаланцани, Л. Пастьор, Р. Кох, Е. Ру, Е. Беринг, И. Мечников, Т. Смит, Д. Брюс, Р. Рос, Б. Граси, У. Рид, П. Ерлих. - 6 150 тир.
650 #4 - Допълнително описание по предмет – тема
Основно описание – тема или топоним Микробиология, медицинска
9 (RLIN) 162160
700 1# - Други автори (авторска отговорност)
Лично име Златаров, Светозар
Автороска отговорност (Описва отношението между автора и произведението) прев. от англ. и предг.
9 (RLIN) 364389
852 ## - Местоположение
Форматна сигнатура Цб 118177
Фондова буква Хранилище
856 4# - Електронен адрес и достъп
Електронен формат pdf - файл
856 4# - Електронен адрес и достъп
Електронен формат pdf - файл
999 ## - СИСТЕМНИ КОНТРОЛНИ НОМЕРА
Koha biblionumber 35104
Koha biblioitemnumber 35104
942 ## - АРТИКУЛИ
Вид на библиотечния материал Книги
Скрит в OPAC Не
Периодичен библиозапис Да
944 ## - СЪЗДАВАНЕ И РЕДАКЦИЯ на ЗАПИСА
Създаване/Редакция Създаване
Дата на регистрацията/редакция 04.01.2017
Служител, извършил регистрацията/редакцията Кина_Георгиева
944 ## - СЪЗДАВАНЕ И РЕДАКЦИЯ на ЗАПИСА
Създаване/Редакция Редакция
Дата на регистрацията/редакция 04.01.2017
Служител, извършил регистрацията/редакцията Кина_Георгиева
944 ## - СЪЗДАВАНЕ И РЕДАКЦИЯ на ЗАПИСА
Създаване/Редакция Редакция
Дата на регистрацията/редакция 2022-05-12
Служител, извършил регистрацията/редакцията ВП
999 ## - СИСТЕМНИ КОНТРОЛНИ НОМЕРА
Koha biblioitemnumber 35104
Наличности
Код за отписване Код за изгубен артикул Източник на класификационната схема Код за повреда Коз за рестрикции Код за отдаване Артикулен № Име на библиотеката - собственик Име на библиотеката, в която се намира в момента Статус (Текущо местоположение) Дата на вписване в системата Местоположение - отдел Цена в лева Инвентарен номер Систематично азбучна сигнатура Баркод Номер на екземпляра Цена в евро Служебна бележка Служебен тип на артикула
  Не е изгубен Universal Decimal Classification Не е повреден без рестрикции ползва се в читалня 55539 Регионална библиотека "Любен Каравелов" Русе Регионална библиотека "Любен Каравелов" Русе Хранилище 1982-01-01 Хранилище 1.77 365362 Цб 118177 120000365362 1 0.90 N: стар фонд Дата: 01.01.1982 Книги
  Не е изгубен Universal Decimal Classification Не е повреден без рестрикции заемане за дома 55540 Регионална библиотека "Любен Каравелов" Русе Регионална библиотека "Любен Каравелов" Русе Заемна - подръчен фонд 1982-01-01 Заемна - подръчен фонд 1.77 366832 П 579(092)/К 88 120000366832 2 0.90 N: стар фонд Дата: 01.01.1982 Дата инв: 16.02.2018 Бележки инв: П2018 Книги
Изтеглен Не е изгубен Universal Decimal Classification Не е повреден без рестрикции заемане за дома 55541 Регионална библиотека "Любен Каравелов" Русе Регионална библиотека "Любен Каравелов" Русе Заемна - подръчен фонд 1982-01-01 Заемна - подръчен фонд 1.77 366831 П 579(092)/К 88 366831 3 0.90 N: стар фонд Дата: 01.01.1982 Книги
Vip Innovations Ltd, Rousse, Bulgaria 2025